В предгорьях Памира и Тянь-Шаня (Запись № 11145757)

Подробности
000 -МАРКЕР
контрольное поле 01758nam0a2200361 4500
001 - ИДЕНТИФИКАТОР ЗАПИСИ
контрольное поле RU\NLR\BIBL_A\011333094
005 - ИДЕНТИФИКАТОР ВЕРСИИ
контрольное поле 20260406110037.0
010 ## - МЕЖДУНАРОДНЫЙ СТАНДАРТНЫЙ НОМЕР КНИГИ (ISBN)
Номер (ISBN) 978-5-699-89166-5
Тираж 2017
021 ## - НОМЕР ГОСУДАРСТВЕННОЙ РЕГИСТРАЦИИ
Код страны Российская Федерация
Номер 2017-4567
Номер Листа государственной регистраци 321
035 ## - ДРУГИЕ СИСТЕМНЫЕ НОМЕРА
Идентификатор записи (NLR Aleph) 011333094
100 ## - ДАННЫЕ ОБЩЕЙ ОБРАБОТКИ
Данные общей обработки 20170221d2016 |||y0rusy50 ca
101 0# - ЯЗЫК РЕСУРСА
Язык текста, звукозаписи и т.д. русский
102 ## - СТРАНА ПУБЛИКАЦИИ ИЛИ ПРОИЗВОДСТВА
Страна публикации Российская Федерация
105 ## - ПОЛЕ КОДИРОВАННЫХ ДАННЫХ: ТЕКСТОВЫЕ МАТЕРИАЛЫ, МОНОГРАФИЧЕСКИЕ
Кодированные данные о монографическом текстовом документе abchz|||000zy
200 1# - ЗАГЛАВИЕ И СВЕДЕНИЯ ОБ ОТВЕТСТВЕННОСТИ
Основное заглавие В предгорьях Памира и Тянь-Шаня
Сведения, относящиеся к заглавию дневники путешественника
Первые сведения об ответственности И.В. Мушкетов
Последующие сведения об ответственности Рус. геогр. о-во
210 ## - ПУБЛИКАЦИЯ, РАСПРОСТРАНЕНИЕ И ДР.
Место издания, распространения и т.д. Москва
Имя издателя, распространителя и т. д. Эксмо
Дата издания, распространения и т.д. 2016
215 ## - ФИЗИЧЕСКАЯ ХАРАКТЕРИСТИКА
Специфическое обозначение материала и объем 439 с., [10] л. цв. ил., портр.
Другие сведения о физической характеристике ил., портр., карт., факс.
Размеры 26
225 1# - СЕРИЯ
Основное заглавие серии Великие русские путешественники
Сведения об ответственности разраб.: И. Пименова
225 1# - СЕРИЯ
Основное заглавие серии Библиотека Евроцемент груп
300 ## - ОБЩИЕ ПРИМЕЧАНИЯ
Текст примечания На обороте тит.л. авт.: И. В. Мушкетов д.чл. Имп. Рус. геогр. о-ва
300 ## - ОБЩИЕ ПРИМЕЧАНИЯ
Текст примечания Серия "Великие русские путешественники" изд. на средства Рус. геогр. о-ва
333 ## - ПРИМЕЧАНИЯ ОБ ОСОБЕННОСТЯХ РАСПРОСТРАНЕНИЯ И ИСПОЛЬЗОВАНИЯ
Текст примечания 6+
600 #1 - ИМЯ ЛИЦА КАК ПРЕДМЕТ
Начальный элемент ввода Мушкетов
Часть имени, кроме начального элемента ввода И.В.
Даты 1850 - 1902
Расширение инициалов личного имени Иван Васильевич
Системный номер авторитетной/нормативной записи 1415279
Идентификатор авторитетной/нормативной записи RU\NLR\AUTH\66285183
607 ## - ГЕОГРАФИЧЕСКОЕ НАИМЕНОВАНИЕ КАК ПРЕДМЕТ
Географическое наименование Средняя Азия
Тематический подзаголовок Описание и путешествия
Хронологический подзаголовок 19 в.
Системный номер авторитетной/нормативной записи 1685651
Идентификатор авторитетной/нормативной записи RU\NLR\AUTH\661047447
675 ## - УНИВЕРСАЛЬНАЯ ДЕСЯТИЧНАЯ КЛАССИФИКАЦИЯ (UDC/УДК)
Индекс 910
686 1# - ИНДЕКСЫ ДРУГИХ КЛАССИФИКАЦИЙ
Индекс Д3д(2)Мушкетов
686 1# - ИНДЕКСЫ ДРУГИХ КЛАССИФИКАЦИЙ
Индекс Д890(257)02
700 #1 - ИМЯ ЛИЦА - ПЕРВИЧНАЯ ОТВЕТСТВЕННОСТЬ
Материалы, к которым относится поле rus
Графика поля Кириллица
Начальный элемент ввода Мушкетов
Часть имени, кроме начального элемента ввода И. В.
Даты 1850-1902
Расширение инициалов личного имени Иван Васильевич
Идентификатор авторитетной/нормативной записи RU\NLR\AUTH\77105262
Системный номер авторитетной/нормативной записи 88187
942 ## - ДОПОЛНИТЕЛЬНЫЕ ЭЛЕМЕНТЫ ЗАПИСИ (АБИС)
Тип экземпляра АБИС Книга
980 ## - КОЛЛЕКЦИЯ
Название коллекции Национальная библиография
Экземпляры
Тип экземпляра Дата поступления Источник поступления Стоимость Библиотека постоянного хранения Библиотека текущего хранения Место хранения Шифр хранения Штрих-код Статус экземпляра
Книга 21.02.2017 Обязательный экземпляр 0.00 РНБ (Московский) РНБ (Московский) Русский книжный фонд: издания с 1957 года 2017-7/1003 1-1741055  
Книга 21.02.2017 Обязательный экземпляр 0.00 РНБ (Московский) РНБ (Московский) Русский книжный фонд: издания с 1957 года 2017-7/1003 1-1741056